[Event "Final Mistrzostw Polski Mlodzikow do lat 10 - Chlopcy"]
[Site "Szczyrk"]
[Date "1899-12-30"]
[Round "9.14"]
[White "Witczak, Borys"]
[Black "Obrycki, Tomasz"]
[Result "1-0"]
[WhiteTitle "II"]
[BlackTitle "II"]
[WhiteElo "1159"]
[BlackElo "1223"]

1. e4 c5 2. Nf3 e6 3. d4 cxd4 4. Nxd4 Nf6 5. Nc3 d6 6. Be3 a6 7. f3 b5 8. Qd2 Nbd7
9. g4 Nb6 10. h4 Bb7 11. h5 Nfd7 12. Bg5 Be7 13. Bxe7 Qxe7 14. O-O-O Ne5 15. b3
d5 16. exd5 Nxd5 17. Nxd5 Bxd5 18. Bg2 Qb7 19. Nf5 O-O 20. Qc3 f6 21. Nd6 Qc6
22. Qxc6 Bxc6 23. Ne4 Bxe4 24. fxe4 Nxg4 25. Rd2 e5 26. Bh3 Nh6 27. Be6+ Kh8 28.
Rd7 Rfe8 29. Bd5 Rad8 30. Ra7 Rd6 31. Rg1 g5 32. hxg6 hxg6 33. Rxg6 Ng8 34. Rgg7
1-0

[Event "Final Mistrzostw Polski Mlodzikow do lat 10 - Chlopcy"]
[Site "Szczyrk"]
[Date "1899-12-30"]
[Round "9.16"]
[White "Komendecki, Grzegorz"]
[Black "Durzynski, Jan"]
[Result "0-1"]
[WhiteTitle "II"]
[BlackTitle "II+"]
[WhiteElo "1113"]
[BlackElo "1170"]

1. e4 c5 2. Nf3 e6 3. Nc3 Nc6 4. g3 Nf6 5. Bg2 d5 6. exd5 exd5 7. d4 c4 8. O-O
Be7 9. h3 O-O 10. Kh2 h6 11. Ne5 Be6 12. f4 Bf5 13. a3 Ne4 14. Nxc6 bxc6 15. Nxe4
Bxe4 16. Qe2 Bxg2 17. Qxg2 Bf6 18. c3 Qb6 19. g4 c5 20. g5 hxg5 21. fxg5 Be7 22.
Be3 Rfd8 23. Rf2 cxd4 24. Bxd4 Bc5 25. Rd1 Rac8 26. Rfd2 a6 27. h4 Bxd4 28. Rxd4
Rc5 29. R1d2 Rb5 30. Rf4 Qb8 31. Qf2 Re8 32. Kh1 Qb7 33. Qg2 Qb8 34. Qf2 Re1+
35. Qxe1 Qxf4 36. Rd4 Qf3+ 37. Kg1 Rxb2 38. Rd2 Qg4+ 39. Kh1 Qf3+ 40. Kg1 Qxc3
41. Qe8+ Kh7 42. Rxb2 Qc1+ 43. Kh2 Qxb2+ 44. Kg3 Qc3+ 45. Kf4 Qh3 46. Qc6 Qxh4+
47. Ke3 Qxg5+ 48. Kd4 Qf6+ 49. Qxf6 gxf6 50. Kxd5 c3 0-1

[Event "Final Mistrzostw Polski Mlodzikow do lat 10 - Chlopcy"]
[Site "Szczyrk"]
[Date "1899-12-30"]
[Round "9.17"]
[White "Dobrowolski, Kamil"]
[Black "Adamala, Tomasz"]
[Result "1-0"]
[WhiteTitle "II"]
[BlackTitle "II"]
[WhiteElo "1157"]
[BlackElo "1049"]

1. d4 d5 2. c4 c6 3. Nf3 Nf6 4. Nc3 Bf5 5. Bf4 e6 6. e3 Bb4 7. Bd3 Ne4 8. Bxe4
Bxe4 9. c5 b6 10. cxb6 axb6 11. a3 Bxc3+ 12. bxc3 O-O 13. O-O c5 14. Ne5 f6 15.
Nf3 Bxf3 16. Qxf3 e5 17. Bg3 Nc6 18. Rfd1 e4 19. Qe2 c4 20. f3 f5 21. Rdb1 Na5
22. Be5 Nb3 23. Ra2 Qe7 24. fxe4 fxe4 25. Qg4 Rf7 26. Rf1 Rxf1+ 27. Kxf1 Rf8+
28. Rf2 Nd2+ 29. Kg1 Rxf2 30. Kxf2 Qf8+ 31. Ke1 Nb1 32. Qe6+ Qf7 33. Qc8+ Qf8
34. Qxf8+ Kxf8 35. Bd6+ Kf7 36. Bb4 g5 37. Kd1 h5 38. Kc2 Nxa3+ 39. Bxa3 Kf6 40.
Bd6 g4 41. Kb2 Ke6 42. Bc7 b5 43. Ka3 Kd7 44. Be5 Kc6 45. Kb4 Kb6 46. g3 Ka6 47.
Bc7 Kb7 48. Ba5 Ka6 49. Bd8 1-0

[Event "Final Mistrzostw Polski Mlodzikow do lat 10 - Chlopcy"]
[Site "Szczyrk"]
[Date "1899-12-30"]
[Round "9.20"]
[White "Bieronski, Nikodem"]
[Black "Uhryn, Lukasz"]
[Result "0-1"]
[WhiteTitle "II"]
[BlackTitle "II"]
[WhiteElo "1126"]
[BlackElo "1413"]

1. e4 c5 2. d4 cxd4 3. c3 d5 4. exd5 Qxd5 5. cxd4 Nc6 6. Nf3 e5 7. Nc3 Bb4 8. Be3
e4 9. Nd2 Bxc3 10. bxc3 Nf6 11. Bc4 Qd6 12. h3 O-O 13. O-O Be6 14. Bb3 Rac8 15.
Rc1 Na5 16. Re1 Nc4 17. Nxc4 Bxc4 18. Bxc4 Rxc4 19. Qb3 Qc6 20. Bg5 Nd5 21. Bd2
f5 22. Rb1 b6 23. Rec1 Kh8 24. Qb5 Rc8 25. Rb3 f4 26. Re1 Re8 27. Qxc6 Rxc6 28.
Rc1 e3 29. fxe3 fxe3 30. Be1 Rf6 31. c4 Nf4 32. Rc2 e2 33. c5 Nxh3+ 34. Kh2 Rf1
35. Kxh3 Rxe1 36. cxb6 Rh1+ 37. Kg4 e1=Q 38. Rbc3 Rh4+ 39. Kg5 h6+ 40. Kf5 Qe4#
0-1

[Event "Final Mistrzostw Polski Mlodzikow do lat 10 - Chlopcy"]
[Site "Szczyrk"]
[Date "1899-12-30"]
[Round "9.21"]
[White "Oles, Mateusz"]
[Black "Hartlinski, Tomasz"]
[Result "0-1"]
[WhiteTitle "III"]
[BlackTitle "II"]
[WhiteElo "1103"]
[BlackElo "1155"]

1. e4 c5 2. Nf3 e6 3. d4 cxd4 4. Nxd4 Nc6 5. c4 Nf6 6. Nc3 Bb4 7. Nxc6 bxc6 8.
Bd2 Bxc3 9. Bxc3 Nxe4 10. Bxg7 Qa5+ 11. Ke2 Qh5+ 12. f3 Rg8 13. Ke1 Qh4+ 14. Ke2
Rxg7 15. fxe4 Qxe4+ 16. Kd2 Qd4+ 17. Kc2 Qf2+ 18. Qd2 Qxd2+ 19. Kxd2 d5 20. Kc3
dxc4 21. Rg1 Ba6 22. Bxc4 Bxc4 23. Kxc4 O-O-O 24. Kc3 Kc7 25. g3 Rd5 26. Rgd1
Rgg5 27. Rxd5 Rxd5 28. Rf1 f5 29. g4 fxg4 30. Rf4 h5 31. Ra4 a5 32. Re4 Kd6 33.
Ra4 Rf5 34. Rd4+ Kc5 35. Rc4+ Kb6 36. Re4 Rf3+ 37. Kd2 Rf2+ 38. Kc3 Rxh2 39. Rxe6
g3 40. Re1 g2 41. Rg1 h4 42. Kd2 h3 43. Ke2 Rh1 0-1

[Event "Final Mistrzostw Polski Mlodzikow do lat 10 - Chlopcy"]
[Site "Szczyrk"]
[Date "1899-12-30"]
[Round "9.22"]
[White "Lewek, Jakub"]
[Black "Klask, Franciszek"]
[Result "1-0"]
[WhiteTitle "II"]
[BlackTitle "II"]
[WhiteElo "1155"]
[BlackElo "1061"]

1. f4 Nf6 2. Nf3 e6 3. e3 Be7 4. d4 b6 5. Bd3 Bb7 6. O-O c5 7. c3 Nc6 8. Re1 d5
9. Ne5 Nxe5 10. fxe5 Ne4 11. Nd2 Bh4 12. Rf1 Nxd2 13. Bxd2 c4 14. Bc2 Bc6 15.
Qf3 Qe7 16. e4 h6 17. Qg4 Bg5 18. Be1 h5 19. Qg3 O-O-O 20. Qf3 Rdf8 21. exd5 Bxd5
22. Be4 Qb7 23. Bxd5 Qxd5 24. Qe2 Rh6 25. Bd2 Rg6 26. Bxg5 Rxg5 27. Qd2 Rg6 28.
Rab1 f6 29. Qe2 Rg8 30. b3 b5 31. bxc4 bxc4 32. Qb2 Kc7 33. a4 Qa8 34. a5 h4 35.
a6 Kd8 36. Qb8+ Kd7 37. Rb7+ Kc6 38. Qd6# 1-0

[Event "Final Mistrzostw Polski Mlodzikow do lat 10 - Chlopcy"]
[Site "Szczyrk"]
[Date "1899-12-30"]
[Round "9.23"]
[White "Kawa, Wojciech"]
[Black "Wesolowski, Jeremi"]
[Result "0-1"]
[WhiteTitle "III"]
[BlackTitle "II"]
[WhiteElo "1101"]
[BlackElo "1142"]

1. d4 d5 2. Bf4 Nf6 3. Nf3 Bg4 4. e3 e6 5. Nbd2 Bd6 6. Bxd6 Qxd6 7. c4 c6 8. Be2
Nbd7 9. b3 O-O 10. O-O Rfc8 11. Qc2 Rab8 12. Rfe1 c5 13. Rac1 Qc7 14. Red1 Bf5
15. Bd3 Bxd3 16. Qxd3 Qb6 17. h3 Re8 18. cxd5 Nxd5 19. Nc4 Qa6 20. Ra1 b5 21.
Nce5 Nxe5 22. Nxe5 f6 23. Nf3 c4 24. bxc4 bxc4 25. Qc2 Rb4 26. Rdc1 c3 27. a4
Rb2 28. Qd1 Qc4 29. Rab1 Rxb1 30. Nd2 Rxc1 31. Qxc1 cxd2 32. Qxc4 d1=Q+ 33. Qf1
Qxf1+ 34. Kxf1 Rb8 35. Ke2 Nc3+ 36. Kd3 Nxa4 37. Kc4 Nb2+ 38. Kc5 a5 39. Kd6 Kf7
40. f4 a4 41. g4 a3 42. h4 a2 43. e4 Rb4 44. Kc5 Nd3+ 45. Kc6 a1=Q 46. d5 Qa6+
47. Kd7 Nc5+ 48. Kd8 Rb7 49. e5 Rd7# 0-1

[Event "Final Mistrzostw Polski Mlodzikow do lat 10 - Chlopcy"]
[Site "Szczyrk"]
[Date "1899-12-30"]
[Round "9.24"]
[White "Kostrzewski, Dawid"]
[Black "Dunda, Szymon"]
[Result "0-1"]
[WhiteTitle "III"]
[BlackTitle "II"]
[WhiteElo "1032"]
[BlackElo "1137"]

1. e4 c5 2. c3 e6 3. d4 d5 4. exd5 exd5 5. Nf3 Nc6 6. Bb5 c4 7. Ne5 Bd7 8. Bxc6
bxc6 9. O-O Be7 10. Bf4 Nf6 11. Re1 O-O 12. Qe2 Re8 13. Nd2 Rc8 14. Ndf3 Ng4 15.
h3 Nxe5 16. Nxe5 Bd6 17. Qd2 Qc7 18. g3 Bxh3 19. Kh2 Bf5 20. Nf3 Bxf4 21. gxf4
Be4 22. Ng5 h6 23. Nxe4 dxe4 24. Kg3 Re6 25. Kg2 Rg6+ 26. Kf1 Re8 27. f3 Qd7 28.
Qh2 exf3 29. Rxe8+ Qxe8 30. Re1 Qd7 31. Qh5 Qg4 32. Qh1 Qxf4 33. Re8+ Kh7 34.
Re1 f2 35. Qh3 Rg1+ 36. Ke2 Rxe1# 0-1

[Event "Final Mistrzostw Polski Mlodzikow do lat 10 - Chlopcy"]
[Site "Szczyrk"]
[Date "1899-12-30"]
[Round "9.25"]
[White "Mioduszewski, Szymon"]
[Black "Skupin, Bartosz"]
[Result "1/2-1/2"]
[WhiteTitle "III"]
[BlackTitle "II"]
[WhiteElo "1100"]
[BlackElo "1129"]

1. e4 e5 2. Nf3 Nc6 3. Bb5 Nd4 4. Nxd4 exd4 5. c3 Bc5 6. O-O Ne7 7. Bc4 Nc6 8.
Qh5 Qe7 9. Bxf7+ Qxf7 10. Qxc5 d6 11. Qg5 O-O 12. Na3 Bd7 13. Nb5 Rac8 14. Nxd4
Nxd4 15. cxd4 a6 16. Qe3 Rce8 17. f3 Bc6 18. d3 d5 19. e5 Qf5 20. Rd1 Qg6 21.
Qg5 Qf7 22. Bd2 Re6 23. Qe3 Rg6 24. Rf1 Qe6 25. Kh1 Rh6 26. Qe2 Rhf6 27. Rae1
Re8 28. Qf2 Rf7 29. a3 Bb5 30. Qe3 Qg6 31. Bb4 Bxd3 32. Rf2 Bb5 33. e6 Rf6 34.
e7 Qh5 35. Qe5 Qxe5 36. Rxe5 Rc6 37. h3 1/2-1/2

[Event "Final Mistrzostw Polski Mlodzikow do lat 10 - Chlopcy"]
[Site "Szczyrk"]
[Date "1899-12-30"]
[Round "9.27"]
[White "Kopaczewski, Mateusz"]
[Black "Lassak, Franciszek"]
[Result "0-1"]
[WhiteTitle "II"]
[BlackTitle "II"]
[WhiteElo "1086"]
[BlackElo "1101"]

1. e4 c5 2. Nf3 Nc6 3. Nc3 g6 4. d3 Bg7 5. Bf4 e5 6. Be3 d6 7. Be2 Nf6 8. O-O O-O
9. Qd2 Ng4 10. Bg5 f6 11. Bh4 Be6 12. h3 Nh6 13. Ng5 Nd4 14. Nxe6 Nxe6 15. Nd5
g5 16. Bg3 f5 17. exf5 Nxf5 18. Bg4 Ned4 19. c3 Nxg3 20. fxg3 Nc6 21. Qc2 Kh8
22. Rf2 Rxf2 23. Qxf2 Qf8 24. Qe3 h6 25. Nc7 Rb8 26. Ne6 Qe7 27. Nxg7 Qxg7 28.
Rf1 Ne7 29. Qf3 b5 30. Qf7 Rg8 31. Qxg7+ Kxg7 32. Be6 Rf8 33. Rxf8 Kxf8 34. Kf2
a5 35. Ke3 d5 36. g4 Ke8 37. g3 b4 38. c4 dxc4 39. dxc4 a4 40. Ke4 a3 41. b3 Nc6
42. Bd5 Nd4 43. Kxe5 Nxb3 44. Be4 Nd2 45. Bc2 b3 0-1

[Event "Final Mistrzostw Polski Mlodzikow do lat 10 - Chlopcy"]
[Site "Szczyrk"]
[Date "1899-12-30"]
[Round "9.28"]
[White "Ziobrowski, Wojciech"]
[Black "Przybys, Bruno"]
[Result "1/2-1/2"]
[WhiteTitle "II"]
[BlackTitle "III"]
[WhiteElo "1048"]
[BlackElo "1021"]

1. e4 b6 2. d4 Bb7 3. Nc3 e6 4. Bd3 f5 5. Bf4 Nf6 6. Qe2 Bb4 7. f3 O-O 8. Bd2 Bxc3
9. Bxc3 fxe4 10. fxe4 Nxe4 11. Bxe4 Qh4+ 12. Kd1 Qxe4 13. Nf3 Qxe2+ 14. Kxe2 Be4
15. Rac1 h6 16. Ke3 Bxf3 17. gxf3 Nc6 18. Rhg1 Ne7 19. Ke2 Nd5 20. Bd2 Nf4+ 21.
Kf2 Nh3+ 22. Ke2 Nxg1+ 23. Rxg1 Kh7 24. c3 Rf7 25. a3 Raf8 26. Rg3 Rf5 27. b4
Rh5 28. h3 c5 29. Be3 d6 30. Kd3 Rhf5 31. f4 Rc8 32. Rg4 c4+ 33. Kd2 a5 34. Kc2
e5 35. dxe5 dxe5 36. fxe5 Rxe5 37. Bxb6 Rce8 38. Rg2 axb4 39. cxb4 Re2+ 40. Rxe2
Rxe2+ 41. Kc3 Ra2 42. Kxc4 Rxa3 43. h4 Ra1 44. b5 Ra4+ 45. Kc5 Rxh4 46. Bc7 Rh5+
47. Kc6 Rxb5 48. Kxb5 Kg6 49. Kc4 Kf5 50. Kd3 g5 51. Ke2 h5 52. Kf3 h4 53. Bh2
g4+ 54. Kg2 Ke4 55. Kf2 Kf5 56. Bc7 Kg5 57. Bb8 h3 58. Kg3 Kh5 59. Bf4 h2 60.
Kxh2 Kh4 61. Kg2 Kh5 62. Kg3 1/2-1/2

[Event "Final Mistrzostw Polski Mlodzikow do lat 10 - Chlopcy"]
[Site "Szczyrk"]
[Date "1899-12-30"]
[Round "9.32"]
[White "Krogulski, Maksymilian"]
[Black "Boryna, Szymon"]
[Result "0-1"]
[WhiteTitle "II"]
[BlackTitle "II"]
[WhiteElo "1250"]
[BlackElo "1008"]

1. e4 c5 2. c4 e6 3. Nf3 d5 4. exd5 exd5 5. cxd5 Qxd5 6. Nc3 Qe6+ 7. Be2 Nf6 8.
O-O Be7 9. Re1 O-O 10. Qc2 Nc6 11. a3 Bd7 12. Bd3 Qd6 13. Nb5 Qb8 14. Rxe7 Nxe7
15. Qxc5 Nc6 16. b4 b6 17. Qg5 Re8 18. Bb2 h6 19. Qh4 a6 20. Nbd4 Nxd4 21. Bxd4
Qd6 22. h3 Rac8 23. Bxa6 Rc7 24. Be5 Rxe5 25. Nxe5 Qxe5 26. d4 Qd6 27. Rd1 b5
28. d5 Qxa6 29. Qf4 Qb6 30. Rd3 Rc4 31. Qd2 Ne4 32. Qe2 Nxf2 33. Re3 Nd1 34. Qxd1
Qxe3+ 35. Kh1 Rc1 36. Qxc1 Qxc1+ 37. Kh2 Qxa3 38. d6 Qxb4 39. h4 Qxd6+ 40. Kh1
Bc6 41. Kg1 Qc5+ 42. Kh1 Qf2 43. Kh2 Qxg2# 0-1

[Event "Final Mistrzostw Polski Mlodzikow do lat 10 - Chlopcy"]
[Site "Szczyrk"]
[Date "1899-12-30"]
[Round "9.33"]
[White "Seo, Ian"]
[Black "Piechocki, Krystian"]
[Result "0-1"]
[WhiteTitle "II"]
[BlackTitle "III"]
[WhiteElo "1129"]
[BlackElo "1159"]

1. d4 d5 2. c4 e6 3. Nf3 Nf6 4. e3 Be7 5. Nc3 O-O 6. Qc2 Nc6 7. g4 Nxg4 8. Rg1
Nf6 9. Bd2 Rb8 10. O-O-O b6 11. e4 Kh8 12. e5 Ng8 13. Ng5 g6 14. h4 Nxd4 15. Qd3
c5 16. h5 Ba6 17. Nxf7+ Rxf7 18. hxg6 Rg7 19. Rh1 Nf5 20. Qh3 Bh4 21. gxh7 Rxh7
22. Bd3 Ngh6 23. Bxh6 Rxh6 24. Bxf5 Bg5+ 25. Kb1 Rxh3 26. Rxh3+ Kg7 27. Rh7+ Kg8
28. Bc2 Rb7 29. Rh5 Bxc4 30. Rdh1 Bf6 31. Rh6 Bxe5 32. Rg1+ Rg7 33. Rgh1 Rf7 34.
Bh7+ Rxh7 35. Rxh7 Bd3+ 0-1